| 000 | 01444cam a2200361 a 4500 | ||
|---|---|---|---|
| 001 | 13032508 | ||
| 003 | OSt | ||
| 005 | 20150709092941.0 | ||
| 008 | 021217s1998 enk b 001 0 eng | ||
| 010 | _a 2002728570 | ||
| 020 | _a1854317679 | ||
| 040 |
_aDLC _cDLC _dDLC |
||
| 043 | _ae-uk--- | ||
| 050 | 0 | 0 |
_aKD8371 _b.M865 1998 |
| 082 | 0 | 0 |
_a347.06 MUR _221 |
| 100 | 1 |
_aMurphy, Peter, _cLL. B. _91870 |
|
| 245 | 1 | 0 |
_aEvidence & advocacy / _cPeter Murphy. |
| 246 | 3 | _aEvidence and advocacy | |
| 250 | _a5th ed. | ||
| 260 |
_aLondon : _bBlackstone Press Ltd., _c1998. |
||
| 300 |
_aviii, 321 p. ; _c22 cm. |
||
| 500 | _a"Chapters 3, 9 and 12 ... of this edition are based on lectures given by David Barnard for the Temple Lectures course, The Advocate in Evidence, during 1981 and 1982"--T.p. verso. | ||
| 504 | _aIncludes bibliographical references and index. | ||
| 650 | 0 |
_aEvidence, Criminal _zGreat Britain. _91871 |
|
| 650 | 0 |
_aEvidence (Law) _zGreat Britain. _91872 |
|
| 650 | 0 |
_aTrial practice _zGreat Britain. _91873 |
|
| 700 | 1 |
_aBarnard, David Nowell. _91844 |
|
| 856 | 4 | 2 |
_3Publisher description _uhttp://www.loc.gov/catdir/enhancements/fy0614/2002728570-d.html |
| 856 | 4 | 2 |
_3Contributor biographical information _uhttp://www.loc.gov/catdir/enhancements/fy0724/2002728570-b.html |
| 906 |
_a7 _bcbc _corigcop _d2 _encip _f20 _gy-gencatlg |
||
| 942 |
_2ddc _cBK |
||
| 999 |
_c649 _d649 |
||